Retablo jovial / (Registro nro. 9396)
[ vista simple ]
| 000 -LEADER | |
|---|---|
| fixed length control field | 00906nam a22003255b 4500 |
| 001 - CONTROL NUMBER | |
| control field | 00279713 |
| 003 - CONTROL NUMBER IDENTIFIER | |
| control field | DO-SdBNP |
| 005 - DATE AND TIME OF LATEST TRANSACTION | |
| control field | 20180202095051.0 |
| 007 - PHYSICAL DESCRIPTION FIXED FIELD--GENERAL INFORMATION | |
| fixed length control field | 00279713 |
| 008 - FIXED-LENGTH DATA ELEMENTS--GENERAL INFORMATION | |
| fixed length control field | 930208s1991 sp | |||| ||spa |
| 016 7# - NATIONAL BIBLIOGRAPHIC AGENCY CONTROL NUMBER | |
| Record control number | |
| Source | BPMSU |
| 017 ## - COPYRIGHT OR LEGAL DEPOSIT NUMBER | |
| Copyright or legal deposit number | |
| Assigning agency | |
| 020 ## - INTERNATIONAL STANDARD BOOK NUMBER | |
| International Standard Book Number | 8421614770 |
| 035 ## - SYSTEM CONTROL NUMBER | |
| System control number | (OCoLC)434766428 |
| 040 ## - CATALOGING SOURCE | |
| Original cataloging agency | BPMSU |
| Language of cataloging | spa |
| Transcribing agency | BPMSU |
| Description conventions | |
| Modifying agency | |
| 080 #0 - UNIVERSAL DECIMAL CLASSIFICATION NUMBER | |
| Universal Decimal Classification number | |
| 080 #0 - UNIVERSAL DECIMAL CLASSIFICATION NUMBER | |
| Universal Decimal Classification number | |
| 100 1# - MAIN ENTRY--PERSONAL NAME | |
| Personal name | Casona, Alejandro, |
| Dates associated with a name | 1903-1965. |
| 245 10 - TITLE STATEMENT | |
| Title | Retablo jovial / |
| Statement of responsibility, etc. | Alejandro Casona ; introducción, notas y actividades de Juan Luis Suárez Granda |
| Medium | |
| 250 ## - EDITION STATEMENT | |
| Edition statement | 3a. ed. |
| 260 ## - PUBLICATION, DISTRIBUTION, ETC. (IMPRINT) | |
| Place of publication, distribution, etc. | [Madrid] : |
| Name of publisher, distributor, etc. | Bruño, |
| Date of publication, distribution, etc. | 1991. |
| 300 ## - PHYSICAL DESCRIPTION | |
| Extent | 220 p. ; |
| Dimensions | 19 cm. |
| Other physical details | |
| 490 1# - SERIES STATEMENT | |
| Series statement | Anaquel |
| Volume/sequential designation | 8 |
| 500 ## - GENERAL NOTE | |
| General note | |
| 700 12 - ADDED ENTRY--PERSONAL NAME | |
| Personal name | Suárez Granda, Juan Luis, |
| Relator term | ed. |
| 830 #0 - SERIES ADDED ENTRY--UNIFORM TITLE | |
| Uniform title | Anaquel (Editorial Bruño) |
| Volume number/sequential designation | 8 |
| 942 ## - ADDED ENTRY ELEMENTS (KOHA) | |
| Source of classification or shelving scheme | Dewey Decimal Classification |
| Koha item type | Libros |
| 945 ## - LOCAL PROCESSING INFORMATION (OCLC) | |
| a | Inventariado, 2018 /LP |
| 956 ## - LOCAL ELECTRONIC LOCATION AND ACCESS (OCLC) | |
| Host name | VMATEO |
| Access method | 10 |
| Materials specified | 20160328 |
| Linkage | BPMSU |
| Field link and sequence number | 0069 |
| Withdrawn status | Lost status | Source of classification or shelving scheme | Damaged status | Not for loan | Collection code | Home library | Current library | Date acquired | Source of acquisition | Total Checkouts | Barcode | Date last seen | Price effective from | Koha item type |
|---|---|---|---|---|---|---|---|---|---|---|---|---|---|---|
| Dewey Decimal Classification | Colección General | Biblioteca Pública Metropolitana Salomé Ureña | Biblioteca Pública Metropolitana Salomé Ureña | 03/28/2016 | FUNDI | BPMSU16030277 | 03/28/2016 | 03/28/2016 | Libros |